| 000 | 01264nam1a22003971 4500 | ||
|---|---|---|---|
| 001 | RU\NLR\A1SV\26008 | ||
| 005 | 20251203171251.9 | ||
| 035 | _a(NLR Aleph) 009710333 | ||
| 090 |
_a9830178 _c9830178 |
||
| 100 | _a20260119 rusy50 | ||
| 101 | 0 | _arus | |
| 102 | _aRU | ||
| 200 | 1 |
_aТехнические измерения и испытания машин _fПроф. А.Грамберг _gПод общ. ред. инж.-мех. Н.Ф.Анисимова |
|
| 210 |
_aМ. _cМакиз _d[1926]-1928 |
||
| 215 | _d26 см | ||
| 620 | _dМосква | ||
| 700 | 1 |
_aГрамберг _bА. _f1875-1966 _gАнтон _4070 |
|
| 702 | 1 |
_aАнисимов _bН.Ф. _4070 |
|
| 801 | 0 |
_aRU _bNLR _c19800914 |
|
| 899 |
_aРНБ _j21/542 |
||
| 899 |
_aНБ РК _z(Т.2, вып.1) |
||
| 899 |
_aКирОУНБ _z(Т.1; Т.2, вып.1, 2, 6, 8) |
||
| 899 | _aРГБ | ||
| 899 | _aБАН | ||
| 899 | _aРКП | ||
| 899 |
_aНБУВ _z(Т.1, вып.1-3; т.2, вып.1, 2, 6) |
||
| 899 |
_aМГУ _z(Вып.2, 4, 5, 8) |
||
| 899 | _aNLG | ||
| 899 | _aНБЛ КГУ | ||
| 899 |
_aСПбГУ _z(Т.1, вып.1-2, 5; т.2, вып.1-2, 6) |
||
| 899 | _aСамОУНБ | ||
| 899 | _aНБ Бел. | ||
| 942 | _cBOOK | ||
| 980 | _aNB | ||
| 980 | _aA1SV | ||